000 01392nam a2200361 i 4500
003 EG-GICUC
005 20260312123431.0
008 260312s19361354ua |||fr|||| 00| 0 ara d
040 _a EG-GICUC
_bara
_c EG-GICUC
_d EG-GICUC
_erda
041 0 _aAra
082 0 4 _221
_a343
_bج ن . م
092 0 4 _221
099 _aLaw1 10 343 ج ن . م 1936
100 0 _a جندى عبدالملك بك
_eمؤلف.
245 2 1 _aالموسوعة الجنائية.
_nالجزء الثالث،
_pجرائم - ربا فاحش /
_cتأليف جندى عبدالملك بك.
250 _aالطبعة الأولى
264 3 _aالقاهرة :
_bمطبعة الإعتماد،
_c1936.
300 _a772 ؛ صفحة
_c24 سم.
_bإيضاحيات، صور، مثيليات ؛
336 _2rda content
_atext
337 _2rda media
_aComputer
338 _2rda carrier
_aOnline Resource
490 _aالموسوعة الجنائية ;
_vالجزء الثالث
504 _aيشتمل على إرجاعات ببليوجرافية.
546 _aالنص باللغة العربية
650 1 _aالعلوم الجنائية
_2qrmak
650 1 _aالقانون الجنائى
_2qrmak
650 1 _aجرائم
_2qrmak
650 1 _aربا فاحش
_2qrmak
651 1 _2qrmak
856 4 0 _uhttps://fll.law.cu.edu.eg/fulltext/bks/B10-08456.pdf
905 _a43
942 _2ddc
_cBK
_e21
_n0
999 _c66258
_d66258